000 00394nam a2200157Ia 4500
003 Ost
005 20260225132557.0
008 260225s9999||||xx |||||||||||||| ||und||
040 _cfsic
041 _afre
082 _a302.23
100 _aMohamed meziane
_eAuteur
245 0 _aLa communication et les nouvelles techniques de l'information /
245 0 _cMohamed meziane
942 _cكتاب
999 _c34526
_d34526